00525nam a2200157Ia 4500008004000000082001600040100002100056245003400077260005400111300000800165650002200173690002200195906001100217999001700228952012200245210210b1995 xxu||||| |||| 00| 0 eng d a032.02 FRAP aFRANCIS (S R S). aPremier current affairs 1995. aNew Delhi.bCBS Publishers and Distributorsc1995 a747 aCurrent Affairs  aGeneral Knowledge a050198 c98960d98960 001040708GeneralaALbALcGenerald2021-02-17g150.00l0o032.02 FRAPp050198r2021-02-17 00:00:00w2021-02-17yBK